000 00415nam a2200157Ia 4500
008 160316s1995 xxu||||| |||| 00| 0 eng d
082 _a301.000000
_bBAP
100 _aBapat Ram
245 _aCritical issues in Indian society
250 _a
260 _aMadras
_bEarthworm Books
_c1995
300 _a108p
_b
_c
365 _b Rs. 75
650 _a1. Indian Society - Critical Issues
700 _aSurendra Pushpa
_a
999 _c24569
_d24569